Commentarii absolutissimi, ad titulum Digestorum de verborum obligationibus omnibus tam in scholis quam in foro versantibus admodum utiles ac pernecessarij, nunc de novo sedulo, polite, terse, relecti, [...] summarijs, epitomis, indice atque privilegio Caesareo locupletati / Hug. Donelli iureconsultorum nostrae aetatis coryphaei

Detalles Bibliográficos
Autor principal: Doneau, Hugues, 1527-1591
Formato: Libro
Lenguaje:Latin
Publicado: s.l. : prodeunt e Collegio Paltheniano sumtibus [sic] Ionae Rhodii ; successoris Petri Fischeri bibliopolae francofurtensis, 1595.
Materias:
Colección:Banco de datos
Acervo:Universidad Autónoma Benito Juárez de Oaxaca. Biblioteca Francisco de Burgoa. Colección antigua
Descripción Física:[1] h., 416 p., [13] h. ; f°
Tema general:Derecho civil
Notas:Portada tipográfica con viñeta en grabado xilográfico. Texto a dos columnas con paginación en números arábigos, reclamos y signaturas. Incluye cabecera de título con motivos florales con motivos florales y fantásticos en grabado xilográfico. Incluye capitulares con motivos florales en grabado xilográfico. Encuadernación en pergamino. Marca de fuego: Casa del Noviciado de la Compañía de Jesús de Oaxaca, Oax. Marca de fuego: Colegio de Santa Cruz de Antequera de Oaxaca, Oax. Libro expurgado. Anotación manuscrita en la portada: "Ioannes Manuel a Sotomaior Pantosxa". Nota de expurgo: "expurgue este libro conforme al nuebo expurgatorio en 11 de diciembre de 1612 doctor Juan Rincon". Daños en la encuadernación, falta pergamino en el lomo
LEADER 01969nam a22001930004500
035 |a 3216 
041 0 |a lat 
100 1 |a Doneau, Hugues, 1527-1591 
245 1 0 |a Commentarii absolutissimi, ad titulum Digestorum de verborum obligationibus omnibus tam in scholis quam in foro versantibus admodum utiles ac pernecessarij, nunc de novo sedulo, polite, terse, relecti, [...] summarijs, epitomis, indice atque privilegio Caesareo locupletati / Hug. Donelli iureconsultorum nostrae aetatis coryphaei 
260 |a s.l. : prodeunt e Collegio Paltheniano sumtibus [sic] Ionae Rhodii ; successoris Petri Fischeri bibliopolae francofurtensis, 1595. 
300 |a [1] h., 416 p., [13] h. ; f° 
500 |a Portada tipográfica con viñeta en grabado xilográfico. Texto a dos columnas con paginación en números arábigos, reclamos y signaturas. Incluye cabecera de título con motivos florales con motivos florales y fantásticos en grabado xilográfico. Incluye capitulares con motivos florales en grabado xilográfico. Encuadernación en pergamino. Marca de fuego: Casa del Noviciado de la Compañía de Jesús de Oaxaca, Oax. Marca de fuego: Colegio de Santa Cruz de Antequera de Oaxaca, Oax. Libro expurgado. Anotación manuscrita en la portada: "Ioannes Manuel a Sotomaior Pantosxa". Nota de expurgo: "expurgue este libro conforme al nuebo expurgatorio en 11 de diciembre de 1612 doctor Juan Rincon". Daños en la encuadernación, falta pergamino en el lomo 
504 |a Al principio de la obra está el índice de leyes singulares y parágrafos 
504 |a Al final de la obra están el índice de cosas y palabras notables y el índice de todos los títulos del Digesto 
650 1 0 |a Derecho civil 
852 |a Universidad Autónoma "Benito Juárez" de Oaxaca, Biblioteca Francisco de Burgoa, Colección antigua 9231 
942 |c BURANT 
943 |g Universidad Autónoma Benito Juárez de Oaxaca. Biblioteca Francisco de Burgoa. Colección antigua 
999 |c 1114227  |d 1114227